Adobe Acrobat 6.0/ (Record no. 35768)

MARC details
000 -LEADER
fixed length control field 00466nam a22001697a 4500
005 - DATE AND TIME OF LATEST TRANSACTION
control field 20240514102727.0
008 - FIXED-LENGTH DATA ELEMENTS--GENERAL INFORMATION
fixed length control field 240514b |||||||| |||| 00| 0 eng d
020 ## - INTERNATIONAL STANDARD BOOK NUMBER
ISBN 0-07-222946-2
082 ## - DEWEY DECIMAL CLASSIFICATION NUMBER
Classification number 005.43
Item number SAH-A
100 ## - MAIN ENTRY--AUTHOR
Author Name Sahlin; Doug
245 ## - TITLE STATEMENT
Title Adobe Acrobat 6.0/
Statement of responsibility, etc. Doug Sahlin
260 ## - PUBLICATION, DISTRIBUTION, ETC.
Place of Publication USA;
Name of publisher, distributor, etc. McGraw Hill;
Date of publication, distribution, etc. 2003
300 ## - PHYSICAL DESCRIPTION
Pages xxi, 440 p.:
500 ## - GENERAL NOTE
General note Include Appendix.
650 ## - SUBJECT ADDED ENTRY--TOPICAL TERM
Subject / Department Computer Science/Crete PDFs, Save PDFs
300 ## - PHYSICAL DESCRIPTION
-- ill;
-- 23 cm.
952 ## - LOCATION AND ITEM INFORMATION (KOHA)
-- 0
-- 0
Holdings
Lost status Damaged status Collection code Permanent Location Current Location Shelving Location Date acquired Full Call Number Accession No./Barcode Date last seen item type Koha item type
    CS/IT Superior Information Resource Center (SIRC) Superior University - City Campus Superior Information Resource Center (SIRC) Superior University - City Campus Computer Science 05/14/2024 005.43 SAH-A 2003 2980 05/14/2024 BOOK BOOK

Powered by Koha